| 000 | 00594cam a22002053a 4500 | ||
|---|---|---|---|
| 001 | 39810 | ||
| 003 | PGUSA | ||
| 005 | 20140828083904.0 | ||
| 008 | 120526s2012||||xxu|||||s|||||000 | eng d | ||
| 040 |
_aPGUSA _beng |
||
| 042 | _adc | ||
| 100 | 1 |
_aSteel, Flora Annie Webster, _d1847-1929 |
|
| 245 | 1 | 2 |
_aA Prince of Dreamers _h[electronic resource] / _cFlora Annie Webster Steel |
| 260 |
_bProject Gutenberg, _c2012 |
||
| 506 | _aPublic domain in the USA. | ||
| 516 | _aElectronic text | ||
| 830 | 0 |
_aProject Gutenberg _v39810 |
|
| 856 | 4 | 0 | _uhttp://www.gutenberg.org/ebooks/39810 |
| 942 | _cEB | ||
| 999 |
_c269063 _d269063 |
||